000 00281nam a2200109 4500
001 2065
090 _a2065
100 _a20190723b u||y0fre||u0ba y50
200 _aIndépendance totale
_bPériodique
_eBulletin politique hebdomadaire du F.N.L.A
210 _aAngola
801 _aCH
_bCH-002049-8
955 _r1974:1